00452nam a2200157Ia 45000010006000000050017000060080041000230410008000640820016000721000050000882450103001382600009002413000028002506500008002786540008002861637420260306170304.0260306t2010||||xx |||||||||||||| ||und|| aESP a348.55bA66 aAraújo Almeida Filho, José Carlos deeAUT 0aProceso electrónico y teoría general del proceso electrónico:bla informatización judicial c2010 a215 páginas :c24 cm. aGEN aCDE